000 00503nam a2200193Ia 4500
008 151119s9999||||xx |||||||||||||| ||und||
082 _a891.464
082 _bGKKV30896
100 _aपोटे सतेज
245 _aजिवलग भेटी
260 _a--
260 _b--
260 _c2004
600 _aपोटे सतेज
630 _aजिवलग भेटी
700 _aपोटे सतेज
730 _aजिवलग भेटी
942 _cBOOK
999 _c1083223
_d1083220